Las independencias latinoamericanas - Statistiques

Statistiques générales
  • Ce quiz a été pris 3 fois
  • Le résultat moyen est 6 sur 29
Statistiques - réponses
Hint Réponse % Correct
Independencia de Perú 1821
100%
Independencia de México 1821
100%
Revolución francesa 1789
67%
Nueva Granada - Francisco de Miranda y Simón Bolívar “El Libertador” 1810
67%
Virreinato del Río de la Plata 1810
67%
Independencia de Bolivia 1825
67%
Independencia estadounidense 1776
33%
Guerra de Independencia Española 1808-1814
33%
Independencia de Chile 1818
33%
Revueltas indígenas 1500-1800
0%
Quilombos y palenques 1500-1888
0%
Rebelión de Gonzalo Pizarro 1544-1549
0%
Rebelión de Martín Cortés 1565-1568
0%
Reformas borbónicas 1701-1808
0%
Independencia haitiana 1795-1809
0%
Nueva España - Miguel Hidalgo y José María Morelos (Grito de Dolores) 1810-1815
0%
Constitución de Cádiz 1812-1814
0%
Consumación de las independencias 1814-1826
0%
Independencia de las Provincias Unidas del Rio de la Plata 1816
0%
Independencia de Gran Colombia 1819
0%
Ecuador,Colombia, Venezuela 1830
0%
República Federal de Centroamérica 1834
0%
Independencia de Texas 1835-1836
0%
Guerra de la Triple Alianza 1864-1870
0%
Independencia de República Dominicana 1865
0%
Guerra entre Perú, Chile y Bolivia 1879
0%
Independencia de Cuba 1898
0%
Independencia de Puerto Rico 1898
0%
Panamá 1903
0%
Aucun quiz correspondant
Distribution des résultats
% des personnes avec chaque résultat
Percentile par nombre de réponses
Votre historique - résultats
Vous n’avez pas pris ce quiz